[Event "NATO-ch 21st"]
[Site "Koge"]
[Date "2010.10.21"]
[Round "5"]
[White "Krainski, Slawomir"]
[Black "Franco Garcia, Jose Javier"]
[Result "1-0"]
[WhiteElo "2120"]
[BlackElo "2066"]
[PlyCount "95"]
[EventDate "2010.10.18"]
[EventType "swiss"]
[EventRounds "7"]
[EventCountry "DEN"]
[SourceTitle "EXT 2011"]
[Source "ChessBase"]
[SourceDate "2010.11.26"]
[SourceVersion "1"]
[SourceVersionDate "2010.11.26"]
[SourceQuality "1"]

1. d4 Nf6 2. Nf3 g6 3. Nc3 d5 4. Bf4 Bg7 5. Qd2 0-0 6. Bh6 c6 7. Ne5 Qc7 8. Bxg7 Kxg7 9. f3 Rd8 10. g4 Nbd7 11. Nxd7 Bxd7 12. 0-0-0 h5 13. g5 Ne8 14. e4 dxe4 15. fxe4 Bg4 16. Be2 Bxe2 17. Nxe2 c5 18. d5 Qe5 19. Qc3 Qxc3 20. Nxc3 Nd6 21. Rhe1 a6 22. e5 Nf5 23. Ne4 Nd4 24. d6 exd6 25. exd6 Rac8 26. c3 Nf3 27. Re2 c4 28. Rd5 Rc6 29. Rf2 Ne1 30. Rf6 Nd3+ 31. Kc2 Rb6 32. b3 cxb3+ 33. axb3 Ne1+ 34. Kd2 Ng2 35. b4 Nh4 36. d7 Rb5 37. Rxb5 axb5 38. Nc5 b6 39. Rxb6 Nf3+ 40. Ke3 Nxg5 41. Rd6 Kf8 42. Rd5 Ne6 43. Nb7 Nc7 44. Nxd8 Nxd5+ 45. Kd4 Ke7 46. Kxd5 Kxd8 47. Kd6 f5 48. c4 1-0

[Event "NATO-ch 21st"]
[Site "Koge"]
[Date "2010.10.19"]
[Round "2"]
[White "Franco Garcia, Jose Javier"]
[Black "Morrison, Munroe L"]
[Result "1-0"]
[WhiteElo "2066"]
[BlackElo "1861"]
[PlyCount "123"]
[EventDate "2010.10.18"]
[EventType "swiss"]
[EventRounds "7"]
[EventCountry "DEN"]
[SourceTitle "EXT 2011"]
[Source "ChessBase"]
[SourceDate "2010.11.26"]
[SourceVersion "1"]
[SourceVersionDate "2010.11.26"]
[SourceQuality "1"]

1. Nf3 d6 2. g3 e5 3. d3 Nf6 4. Bg2 Be7 5. 0-0 Nbd7 6. e4 c6 7. Nbd2 0-0 8. Nc4 Re8 9. c3 Bf8 10. Re1 Qc7 11. Qc2 b5 12. Ne3 Bb7 13. Nf5 d5 14. c4 bxc4 15. dxc4 d4 16. Bg5 a5 17. a3 a4 18. Bf1 c5 19. Bd3 Bc6 20. Rad1 Reb8 21. Bc1 Rb3 22. Qe2 Rab8 23. Bc2 R3b6 24. h3 Ne8 25. g4 g6 26. Ng3 Ng7 27. Kh2 Ne6 28. Qd2 Qd8 29. g5 Bg7 30. Rg1 Ndf8 31. Ne2 Qd6 32. Rg3 R8b7 33. Kg1 Nf4 34. Nh2 N8e6 35. Ng4 Nxg5 36. Nxf4 exf4 37. e5 fxg3 38. Qxg5 gxf2+ 39. Kxf2 Qe7 40. Nf6+ Kh8 41. Qh4 Bxf6 42. exf6 Qe5 43. Bf4 Qh5 44. Qxh5 gxh5 45. Kg3 Rxb2 46. Bf5 R7b3+ 47. Kh4 Rf2 48. Bh6 Rxf5 49. Rg1 Rxf6 50. Bg7+ Kg8 51. Bxf6+ Kf8 52. Rg5 Bd7 53. Rxc5 Rxh3+ 54. Kg5 Rg3+ 55. Kxh5 Ke8 56. Ra5 Bc6 57. Re5+ Kd7 58. Re7+ Kd6 59. Re1 Kc5 60. Kh4 Rxa3 61. Be7+ Kxc4 62. Bxa3 1-0

[Event "Murcia-ch 18th"]
[Site "Totana"]
[Date "2003.04.05"]
[Round "5"]
[White "Franco Garcia, Jose Javier"]
[Black "Garcia Capilla, Jose Angel"]
[Result "1-0"]
[WhiteElo "2030"]
[BlackElo "1909"]
[PlyCount "65"]
[EventDate "2003.03.08"]
[EventType "swiss"]
[EventRounds "9"]
[EventCountry "ESP"]
[SourceTitle "EXT 2004"]
[Source "ChessBase"]
[SourceDate "2003.11.25"]
[SourceVersion "1"]
[SourceVersionDate "2003.11.25"]
[SourceQuality "1"]

1. e4 g6 2. d4 Bg7 3. c4 d6 4. Nc3 Nf6 5. Nf3 0-0 6. Be2 c5 7. 0-0 cxd4 8. Nxd4 Nc6 9. Be3 Bd7 10. Qd2 Ng4 11. Bxg4 Bxg4 12. f3 Bd7 13. Rac1 a6 14. Rfd1 Ne5 15. b3 Rc8 16. Nd5 Bc6 17. Ne2 Bxd5 18. Qxd5 Nc6 19. Qd2 Qc7 20. Nc3 Qa5 21. Nd5 e6 22. Ne7+ Kh8 23. Qxa5 Nxa5 24. Nxc8 Rxc8 25. Rxd6 Nc6 26. Rcd1 Be5 27. Rd7 Kg7 28. Rxb7 Nb8 29. Bd4 Nc6 30. Bxe5+ Nxe5 31. f4 Nc6 32. Rdd7 Rf8 33. Rb6 1-0